PERIODONTOLOGY: PRESENT AND FUTURE CONCEPTS (Record no. 18043)

MARC details
000 -LEADER
fixed length control field 00354nam a22001457a 4500
003 - CONTROL NUMBER IDENTIFIER
control field SGT
020 ## - INTERNATIONAL STANDARD BOOK NUMBER
International Standard Book Number 9781416028215
082 ## - DEWEY DECIMAL CLASSIFICATION NUMBER
Classification number 617.645
Item number P05F
100 ## - MAIN ENTRY--PERSONAL NAME
Personal name FRANK A, SCANNAPIECO
245 ## - TITLE STATEMENT
Title PERIODONTOLOGY: PRESENT AND FUTURE CONCEPTS
260 ## - PUBLICATION, DISTRIBUTION, ETC. (IMPRINT)
Place of publication, distribution, etc DELHI
Name of publisher, distributor, etc DCNA ELSEVIER INDIA
Year of Publication 2005
300 ## - PAGE DESCRIPTION
No. of Pages 250
650 ## - SUBJECT ADDED ENTRY--TOPICAL TERM
Topical term or geographic name as entry element PERIODONTOLOGY
942 ## - ADDED ENTRY ELEMENTS (KOHA)
Source of classification or shelving scheme Dewey Decimal Classification
Koha item type Books
Holdings
Withdrawn status Lost status Source of classification or shelving scheme Damaged status Not for loan Home library Current library Shelving location Date acquired Vendor Name Volume Information (Serial or Books or Non-Book Material) SGTU Total Checkouts Full call number Accession No. (Barcode) Date last seen Bill Date Koha item type
    Dewey Decimal Classification     SGT Dental Library SGT Dental Library Reference Book 25/05/2019 AHUJA SUBSCRIPTION AGENCY 49.3 SGTU   617.645 P05F FD8015 25/05/2019 25/05/2019 Books